000 00677 a2200229 4500
003 Nust
005 20250929163542.0
010 _a 76377154
020 _a035608406X :
040 _cNust
082 0 0 _a629.435,WIL
100 2 _aWilding-White, T. M.
_9130778
245 1 0 _aJane's pocket book of space exploration /
_cT. M. Wilding-White.
260 _aLondon :
_bMacDonald and Jane's,
_c1976.
300 _a238 p. :
_bill. ;
_c12 x 19 cm.
490 0 _aJane's pocket book ; 11
505 _acontents not available
650 0 _aArtificial satellites.
_975367
650 0 _aLaunch vehicles (Astronautics)
_9130779
650 0 _aSpace probes.
_9130780
942 _2ddc
_cBK
999 _c183568
_d183568